Southville International School and Colleges
Your cart is empty.
  • Cart
  • Lists
    Public lists Eva Luna New books Lux_list list_1
    Your lists Log in to create your own lists
  • Log in to your account
  • Your cookies
  • Search history
Southville International School and Colleges
  • Advanced search
  • Recent comments
  • Most popular
  • Libraries

Log in to your account

Log in with GOOGLE


If you do not have an external account, but do have a local account, you can still log in:

  1. Home
  2. MARC view: Income taxation:
Normal view MARC view ISBD view

Income taxation: (Record no. 358082)

[ view plain ]
MARC details
000 -LEADER
fixed length control field 00521nam a2200181Ia 4500
003 - CONTROL NUMBER IDENTIFIER
control field SISC
005 - DATE AND TIME OF LATEST TRANSACTION
control field 20180628132904.0
008 - FIXED-LENGTH DATA ELEMENTS--GENERAL INFORMATION
fixed length control field 180627s9999 xx 000 0 und d
020 ## - INTERNATIONAL STANDARD BOOK NUMBER
International Standard Book Number 9789719594000
100 ## - MAIN ENTRY--PERSONAL NAME
Personal name Banggawan, Rex B.
245 ## - TITLE STATEMENT
Title Income taxation:
Remainder of title Laws, Principles, and Jurisprudence /
250 ## - EDITION STATEMENT
Edition statement 2017 ed
260 ## - PUBLICATION, DISTRIBUTION, ETC. (IMPRINT)
Place of publication, distribution, etc Baguio City :
Name of publisher, distributor, etc Real Excellence
Date of publication, distribution, etc 2017
300 ## - PHYSICAL DESCRIPTION
Extent 710 pages
650 ## - SUBJECT ADDED ENTRY--TOPICAL TERM
Topical term or geographic name as entry element Income taxation -- Philippines.
650 ## - SUBJECT ADDED ENTRY--TOPICAL TERM
Topical term or geographic name as entry element Law and legislation -- Philippines.
942 ## - ADDED ENTRY ELEMENTS (KOHA)
Source of classification or shelving scheme Library of Congress Classification
Koha item type Filipiniana
Holdings
Withdrawn status Lost status Damaged status Home library Current library Shelving location Date acquired Source of acquisition Total Checkouts Total Renewals Full call number Barcode Date last seen Date checked out Price effective from Koha item type
      College Library College Library Filipiniana Section 06/27/2018   5 53 HJ 4776 .B216 2014 C21539 09/07/2020 07/21/2020 06/27/2018 Books

Income taxation:

APA

Banggawan R. B., . (2017). Income taxation. Baguio City: Real Excellence.

Chicago

Banggawan Rex B, . 2017. Income taxation. Baguio City: Real Excellence.

Harvard

Banggawan R. B., . (2017). Income taxation. Baguio City: Real Excellence.

MLA

Banggawan Rex B, . Income taxation. Baguio City: Real Excellence. 2017.

  • Place hold
  • Print
  • Cite
  • Add to your cart (remove)
  • Save record
    BIBTEX Dublin Core MARCXML MARC (non-Unicode/MARC-8) MARC (Unicode/UTF-8) MARC (Unicode/UTF-8, Standard) MODS (XML) RIS
  • More searches
    Search for this title in:
    Other Libraries (WorldCat) Other Databases (Google Scholar) Online Stores (Bookfinder.com) Open Library (openlibrary.org)

Exporting to Dublin Core...

SOUTHVILLE LIBRARY

Southville International School and Colleges Library

1281 Tropical Ave. Cor. Luxembourg St., BF Homes International, Las Pinas City

Tel. No. 8256374 / 252358 Loc. 117/146

Powered by Koha